| 000 | 00970nam a2200277 a 4500 | ||
|---|---|---|---|
| 001 | 23686 | ||
| 003 | BD-RjUL | ||
| 005 | 20211209000947.0 | ||
| 008 | 140311s1955 us 000 0 eng d | ||
| 035 | _a(BD-RjUL)23751 | ||
| 040 |
_aBD-RjUL _beng _cBD-RjUL _dBD-RjUL |
||
| 041 | _aeng | ||
| 082 |
_a917 _bNOR 1955 |
||
| 245 | 0 | 4 |
_aThe North American Midwest : _ba regional geography / _cJohn H. Garland, editor |
| 260 |
_aNew York : _bWiley ; _aLondon : _bChapman & Hall, _c1955. |
||
| 300 |
_aviii, 252 p. : _bmaps (1 fold.) ; _c26 cm |
||
| 490 | 1 | _aRegional geographies of the United States | |
| 500 | _a[Contibutors: Thomas F. Barton ... [et al.] | ||
| 504 | _aBibliography: p. 243-45. - Includes index | ||
| 651 | 0 |
_aMiddle West _xDescription and travel _972932 |
|
| 651 | 0 |
_aMiddle West _xEconomic conditions _972933 |
|
| 700 | 1 |
_aGarland, John H. _972934 |
|
| 830 | 0 |
_aRegional geographies of the United States _972950 |
|
| 942 |
_2ddc _cBK |
||
| 999 |
_c23686 _d23686 |
||